Biblioteca española-portugueza-judaica (Record no. 156578)
[ view plain ]
| 000 -LEADER | |
|---|---|
| campo de control de longitud fija | 01034nam a2200217 i 4500 |
| 001 - NÚMERO DE CONTROL | |
| campo de control | 156578 |
| 003 - IDENTIFICADOR DE NÚMERO DE CONTROL | |
| campo de control | ES-MaACL |
| 005 - FECHA Y HORA DE LA ÚLTIMA TRANSACCIÓN | |
| campo de control | 20251203063032.0 |
| 008 - DATOS DE LONGITUD FIJA--INFORMACIÓN GENERAL | |
| campo de control de longitud fija | 990524s1890 fr b |||| |cfre d |
| 040 ## - FUENTE DE CATALOGACIÓN | |
| Centro catalogador/agencia de origen | CCPB | B |
| Lengua de catalogación | spa |
| Centro/agencia transcriptor | CCPB | B |
| 100 1# - ENTRADA PRINCIPAL--NOMBRE DE PERSONA | |
| Nombre de persona | Kayserling, Meyer, |
| Fechas asociadas al nombre | 1829-1905 |
| 9 (RLIN) | 160606 |
| 245 10 - MENCIÓN DEL TÍTULO | |
| Título | Biblioteca española-portugueza-judaica |
| Resto del título | : dictionnaire bibliographique des auteurs juifs, de leurs ouvrages espagnols et portugais et des oeuvres sur et contre les juifs et le judaïsme : avec un aperçu sur la littérature des juifs espagnols et une collection des proverbes espagnols / |
| Mención de responsabilidad, etc. | par Kayserling. |
| 260 ## - PUBLICACIÓN, DISTRIBUCIÓN, ETC. | |
| Lugar de publicación, distribución, etc. | Strasbourg : |
| Nombre del editor, distribuidor, etc. | Charles J. Trubner, |
| Fecha de publicación, distribución, etc. | 1890. |
| 300 ## - DESCRIPCIÓN FÍSICA | |
| Extensión | XXI, 155 p. ; |
| Dimensiones | 27 cm. |
| 546 ## - NOTA DE IDIOMA | |
| Nota de lengua/lenguaje | Texto en francés, español y hebreo. |
| 650 #4 - PUNTO DE ACCESO ADICIONAL DE MATERIA--TÉRMINO DE MATERIA | |
| Término de materia o nombre geográfico como elemento de entrada | Escritores judíos- |
| Subdivisión geográfica | España- |
| Subdivisión de forma | Biobibliografías. |
| 9 (RLIN) | 160607 |
| 650 #4 - PUNTO DE ACCESO ADICIONAL DE MATERIA--TÉRMINO DE MATERIA | |
| Término de materia o nombre geográfico como elemento de entrada | Escritores judíos- |
| Subdivisión geográfica | Portugal- |
| Subdivisión de forma | Biobibliografías. |
| 9 (RLIN) | 160608 |
| 852 ## - LOCALIZACIÓN | |
| Ubicación | ES-MaACL |
| Número de control de estantería | B-3875 |
| Nota libre | - Enc. hol. |
| 852 ## - LOCALIZACIÓN | |
| Ubicación | ES-MaACL |
| Número de control de estantería | F-7487 |
| Nota libre | - Enc. hol. |
| Estatus retirado | Estado de pérdida | Estado de daño | No para préstamo | Colección | Biblioteca de origen | Biblioteca actual | Ubicación en estantería | Fecha de adquisición | Fuente de adquisición | Total de préstamos | Signatura topográfica completa | Código de barras | Visto por última vez | Precio de reemplazo | Tipo de ítem Koha |
|---|---|---|---|---|---|---|---|---|---|---|---|---|---|---|---|
| Libros del s. XIX | Biblioteca del Ateneo de Madrid | Biblioteca del Ateneo de Madrid | Depósito 2 | 17/01/2008 | F-7487 | 1163819 | 23/02/2023 | 23/02/2023 | Libro impreso antiguo | ||||||
| Libros del s. XIX | Biblioteca del Ateneo de Madrid | Biblioteca del Ateneo de Madrid | Sala Pardo Bazán | 17/01/2008 | B-3875 | 1163818 | 23/02/2023 | 23/02/2023 | Libro impreso antiguo |
